000 00531cam a2200193 4500
001 D985
008 090401t1975 xxu||||| |||| 00| 0 eng d
035 _a(Sirsi) u49201
041 _aeng
050 _a692.8
110 _aAqua Group
_9865
245 _aWhich builder? Tendering and contractual arrangements
260 _aLondon
_bCrosby Lockwood Staples
_c1975
300 _avii. 76p. illus. 25cm
350 _a3.5
520 _aFor later editions see Tenders and contracts for building
942 _n0
948 _c04/03/1997
999 _c92522
_d92522